| 000 | 00766nam a22002055i 4500 | ||
|---|---|---|---|
| 001 | 155280 | ||
| 003 | ES-MaACL | ||
| 005 | 20250803063058.0 | ||
| 008 | 970226s1879 sp a |||| | spa d | ||
| 040 |
_aAS _bspa _cCCPB | SIC |
||
| 100 | 1 |
_aHeredia, Narciso de Heredia, _cMarqués de, _d1832-1912 _9127878 |
|
| 245 | 1 | 0 | _aPoesías y artículos del Marqués de Heredia. |
| 250 | _a2ª ed. corr. y aum. | ||
| 260 |
_aMadrid : _b[s.n.], _c1879 ( _fImprenta de la Viuda é Hijo de Aguado) |
||
| 300 |
_aXIII, 200 p., [1] h. de grab. ; _c18 cm. |
||
| 597 | _aSignaturizado. | ||
| 599 | _aRetrato del autor "B. Maura Gbo" | ||
| 852 |
_aES-MaACL _jT-301-F-3 _z-- Enc. hol., falto de la cub. original _z-- Enc. en un vol. facticio |
||
| 999 |
_c155280 _d155280 |
||